Zhodnotenie vývoja komerčného bankovníctva na Slovensku od roku 2004 bakalárska práca

Uložené v:
Podrobná bibliografia
Hlavný autor: Chudá, Martina
Korporativný autor: Národohospodárska fakulta EU. Katedra bankovníctva a medzinárodných financií
Ďalší autori: Střelecká, Zdenka
Médium: Kniha
Jazyk:Slovak
Vydavateľské údaje: Bratislava 2012
Tagy: Pridať tag
Žiadne tagy, Buďte prvý, kto otaguje tento záznam!

MARC

LEADER 00000nbm a2200000 4500
001 0155832
005 20161109111919.7
041 0 |a slo 
044 |a SK 
245 1 0 |a Zhodnotenie vývoja komerčného bankovníctva na Slovensku od roku 2004  |b bakalárska práca  |c Martina Chudá ; školiteľ: Zdenka Střelecká 
264 1 |a Bratislava  |c 2012 
300 |a 60 s. 
100 1 |a Chudá, Martina 
700 1 |a Střelecká, Zdenka 
710 2 |a Národohospodárska fakulta EU. Katedra bankovníctva a medzinárodných financií